000 00458nam a2200157Ia 4500
999 _c28315
_d28315
003 OSt
005 20200702130838.0
008 190216s9999||||xx |||||||||||||| ||und||
040 _coclc
082 _a920
_bKIZ/M
100 _aKizhuparamb, Ammar
_93463
245 0 _aMarubhoomiyile Mazhameghangal /
_c Ammar Kizhuparamb
260 _bChalkkam Books,
_c2004.
_aKozhikode:
300 _a160p
942 _cBK
_2ddc
_h920
_iKIZ/M
_k920
_mKIZ/M